Statistics for “套娃”半岛Matryoshka-like Peninsulas

Click here to take the quiz!

General Stats

  • This quiz has been taken 199 times
  • The average score is 3 of 6

Answer Stats

大的半岛小的半岛% Correct
中南半岛(南)马来半岛
93%
巴尔干半岛(南)希腊半岛
74%
上题答案中的半岛(西南)伯罗奔尼撒半岛
54%
阿拉伯半岛(东南)卡塔尔半岛
48%
克里木半岛(东)刻赤半岛
38%
辽东半岛(西南)旅大半岛
34%

Score Distribution

Percentile by Number Answered

Percent of People with Each Score

Your Score History

You have not taken this quiz